| 000 | 00643nam a22002297a 4500 | ||
|---|---|---|---|
| 003 | dpl | ||
| 005 | 20180801163638.0 | ||
| 008 | 180801b xxu||||| |||| 00| 0 eng d | ||
| 010 | _aA-940454 | ||
| 016 | _aA-940454 | ||
| 035 | _aA-940454 | ||
| 037 | _bBPPD/PUB | ||
| 040 | _c0 | ||
| 082 | _a331.4 | ||
| 100 | _aBansal indu | ||
| 245 |
_aGirls with working and non-working mothers / _cby Indu bansal |
||
| 250 | _a8th ed | ||
| 260 |
_aJaipur _bClassic publications _c1998 |
||
| 270 |
_a260-61, chaura rasta, _bJaipur _e302003 |
||
| 300 |
_a150p. _c22 cm (Hb) |
||
| 942 |
_adpl _cEN _k331.4 / BAN _2ddc _h331.4 _mBAN |
||
| 999 |
_c155293 _d155293 |
||